Tilastot visalle Maailman puhutuimmat äidinkielet

Klikkaa tästä pelataksesi tätä visaa!

Yleistilastot

  • Tätä visaa on pelattu 8 373 kertaa
  • Keskiarvotulos 11 / 23

Vastaustilastot

PuhujaaKieli% Oikein
1 197 000 000kiina
99%
335 000 000englanti
99%
399 000 000espanja
96%
75 900 000ranska
93%
166 000 000venäjä
91%
78 100 000saksa
91%
128 000 000japani
83%
203 000 000portugali
80%
242 000 000arabia
78%
63 800 000italia
69%
260 000 000hindi
62%
77 200 000korea
52%
70 900 000turkki
33%
57 000 000farsi
22%
67 800 000vietnam
20%
189 000 000bengali
14%
64 000 000urdu
13%
68 800 000tamili
7%
84 300 000jaava
5%
60 500 000malaiji
4%
71 800 000marathi
3%
88 700 000lahnda
3%
74 000 000telugu
3%

Tulosjakauma

Persentiili vastausten määrän mukaan

Jokaisen tuloksen saaneiden osuus

Tuloshistoriasi

Et ole pelannut tätä visaa